[Event "SVK-chT2D 1213"]
[Site "Slovakia"]
[Date "2013.03.17"]
[Round "11.5"]
[White "Banoci, Jaroslav"]
[Black "Krak, Tomas"]
[Result "0-1"]
[WhiteElo "1954"]
[BlackElo "2297"]
[PlyCount "48"]
[EventDate "2012.10.13"]
[EventType "team-tourn"]
[EventRounds "11"]
[EventCountry "SVK"]
[SourceTitle "EXT 2015"]
[Source "ChessBase"]
[SourceDate "2014.11.20"]
[SourceVersion "1"]
[SourceVersionDate "2014.11.20"]
[SourceQuality "1"]
[WhiteTeam "Presov Tatran Dason"]
[BlackTeam "Prakovce"]
[WhiteTeamCountry "SVK"]
[BlackTeamCountry "SVK"]

1. d4 Nf6 2. Nf3 e6 3. e3 c5 4. Bd3 b6 5. Nbd2 Bb7 6. b3 Be7 7. Bb2 d6 8. Qe2 Nbd7 9. 0-0 0-0 10. Rad1 Qc7 11. c4 Rfe8 12. Ng5 h6 13. Nge4 d5 14. Ng3 Rad8 15. f4 Qb8 16. Bb1 Bf8 17. Nf3 Ne4 18. Ne5 cxd4 19. exd4 f5 20. cxd5 Nxg3 21. hxg3 Nxe5 22. fxe5 Bxd5 23. g4 g6 24. gxf5 gxf5 0-1

[Event "SVK-chT2D 1213"]
[Site "Slovakia"]
[Date "2013.02.17"]
[Round "9.8"]
[White "Banoci, Jaroslav"]
[Black "Vacek, Jiri"]
[Result "0-1"]
[WhiteElo "1954"]
[BlackElo "1739"]
[PlyCount "100"]
[EventDate "2012.10.13"]
[EventType "team-tourn"]
[EventRounds "11"]
[EventCountry "SVK"]
[SourceTitle "EXT 2015"]
[Source "ChessBase"]
[SourceDate "2014.11.20"]
[SourceVersion "1"]
[SourceVersionDate "2014.11.20"]
[SourceQuality "1"]
[WhiteTeam "Presov Tatran Dason"]
[BlackTeam "Kosice SK"]
[WhiteTeamCountry "SVK"]
[BlackTeamCountry "SVK"]

1. d4 Nf6 2. Nf3 d5 3. e3 e6 4. Bd3 Be7 5. Nbd2 c5 6. b3 Nc6 7. a3 Qb6 8. c3 Bd7 9. Ne5 0-0 10. f4 Rad8 11. 0-0 cxd4 12. cxd4 Nxd4 13. Ndc4 Qxb3 14. Nxd7 Nxd7 15. exd4 dxc4 16. Bc2 Qb6 17. Rb1 Qc7 18. Qf3 b6 19. Bb2 Nf6 20. Rbe1 Qd7 21. f5 exf5 22. Bxf5 Qc7 23. Qh3 h6 24. Rf3 Nh7 25. Qg4 Bf6 26. Bc2 Qd7 27. Bf5 Qd5 28. Rd1 a5 29. h4 b5 30. Be4 Qd6 31. Kh1 Qe7 32. g3 b4 33. axb4 axb4 34. Rdf1 Qd7 35. Bf5 Qd5 36. Bc1 Qxd4 37. Rf4 Qd5+ 38. Be4 Qd7 39. Bf5 Qd5+ 40. Kh2 Bd4 41. Bxh7+ Kxh7 42. Rd1 h5 43. Qe2 Rfe8 44. Qc2+ g6 45. Rfxd4 Qf3 46. R4d2 c3 47. Rf2 Qxd1 48. Qa2 Qd5 49. Qa7 Kg8 50. Bg5 Ra8 0-1

[Event "SVK-chT2D 1213"]
[Site "Slovakia"]
[Date "2012.12.02"]
[Round "4.7"]
[White "Banoci, Jaroslav"]
[Black "Balazs, Attila2222"]
[Result "1/2-1/2"]
[WhiteElo "1954"]
[BlackElo "1803"]
[PlyCount "100"]
[EventDate "2012.10.13"]
[EventType "team-tourn"]
[EventRounds "11"]
[EventCountry "SVK"]
[SourceTitle "EXT 2015"]
[Source "ChessBase"]
[SourceDate "2014.11.20"]
[SourceVersion "1"]
[SourceVersionDate "2014.11.20"]
[SourceQuality "1"]
[WhiteTeam "Presov Tatran Dason"]
[BlackTeam "Kosice Slavia TU IV"]
[WhiteTeamCountry "SVK"]
[BlackTeamCountry "SVK"]

1. d4 b6 2. e4 Bb7 3. Bd3 e6 4. f4 c5 5. c3 Qc7 6. Nf3 Nf6 7. e5 Nd5 8. 0-0 Be7 9. a3 c4 10. Bc2 f5 11. exf6 Nxf6 12. Ng5 0-0 13. Qe2 Qc6 14. Nd2 b5 15. Nde4 h6 16. Nxf6+ Bxf6 17. Nf3 a5 18. Bd2 Na6 19. Rae1 Nc7 20. Qf2 d6 21. Qg3 Qe8 22. f5 Bxf3 23. Rxf3 e5 24. Bxh6 Qh5 25. Bxg7 Bh4 26. Qh3 Kxg7 27. dxe5 dxe5 28. Rg3+ Kf7 29. Rg4 Rh8 30. Rxe5 Rae8 31. Rxe8 Nxe8 32. Qf3 Qh6 33. Qd5+ Kf8 34. Re4 Be7 35. Qe5 Rh7 36. Re3 Rg7 37. Bd1 Qc6 38. Bf3 Qc5 39. Kf1 Nc7 40. Ke2 Qxe5 41. Rxe5 Bd6 42. Re4 Bxh2 43. g4 Re7 44. Ke3 Rxe4+ 45. Kxe4 Ke7 46. g5 Kd6 47. Be2 Na6 48. f6 Ke6 49. Bg4+ Kf7 50. Bh5+ Kf8 1/2-1/2

[Event "SVK-chT2D 1112"]
[Site "Slovakia"]
[Date "2012.01.07"]
[Round "7.2"]
[White "Banoci, Jaroslav"]
[Black "Sabol, Jan"]
[Result "1-0"]
[WhiteElo "1971"]
[BlackElo "1918"]
[PlyCount "75"]
[EventDate "2011.10.08"]
[EventType "team-tourn"]
[EventRounds "11"]
[EventCountry "SVK"]
[SourceTitle "EXT 2013"]
[Source "ChessBase"]
[SourceDate "2012.11.22"]
[SourceVersion "1"]
[SourceVersionDate "2012.11.22"]
[SourceQuality "1"]
[WhiteTeam "Presov Tatran Dason"]
[BlackTeam "Presov Slavia PU"]
[WhiteTeamCountry "SVK"]
[BlackTeamCountry "SVK"]

1. d4 Nf6 2. Nf3 d5 3. e3 Bf5 4. Bd3 Bxd3 5. Qxd3 c6 6. Ne5 e6 7. Nd2 Bd6 8. f4 Nbd7 9. 0-0 0-0 10. b3 Rc8 11. Bb2 b5 12. Rf3 Bxe5 13. fxe5 Ng4 14. e4 Qb6 15. Kh1 f6 16. h3 Nh6 17. Raf1 Qb8 18. exf6 Nxf6 19. e5 Nd7 20. Bc1 b4 21. c4 bxc3 22. Qxc3 Nf5 23. Ba3 c5 24. Bxc5 Qb5 25. b4 Ng3+ 26. Rxg3 Rxf1+ 27. Nxf1 Qxf1+ 28. Kh2 Nf8 29. Qd2 Ng6 30. Rf3 Qb1 31. Qf2 h5 32. Rf7 a6 33. Ra7 Ne7 34. Rxe7 Rf8 35. Rxg7+ Kxg7 36. Qxf8+ Kg6 37. Qg8+ Kf5 38. Qh7+ 1-0

[Event "SVK-chT2D 1112"]
[Site "Slovakia"]
[Date "2011.12.04"]
[Round "6.2"]
[White "Koselova, Zuzana"]
[Black "Banoci, Jaroslav"]
[Result "1/2-1/2"]
[WhiteElo "1773"]
[BlackElo "1971"]
[PlyCount "163"]
[EventDate "2011.10.08"]
[EventType "team-tourn"]
[EventRounds "11"]
[EventCountry "SVK"]
[SourceTitle "EXT 2013"]
[Source "ChessBase"]
[SourceDate "2012.11.22"]
[SourceVersion "1"]
[SourceVersionDate "2012.11.22"]
[SourceQuality "1"]
[WhiteTeam "Presov Tatran"]
[BlackTeam "Presov Tatran Dason"]
[WhiteTeamCountry "SVK"]
[BlackTeamCountry "SVK"]

1. e4 g6 2. d4 Bg7 3. f4 b6 4. Nf3 Bb7 5. Bd3 e6 6. Be3 Ne7 7. Nbd2 f5 8. c3 0-0 9. Qe2 fxe4 10. Nxe4 Nd5 11. Qd2 d6 12. Neg5 Qf6 13. 0-0 Nc6 14. Bc4 Rae8 15. Rae1 Nd8 16. Qf2 Bc8 17. Nh4 c5 18. Bb5 Nxe3 19. Rxe3 cxd4 20. Rh3 e5 21. Bc4+ Be6 22. Nxe6 Nxe6 23. f5 gxf5 24. Nxf5 Kh8 25. Nxd6 Nf4 26. Nxe8 Nxh3+ 27. gxh3 Qg6+ 28. Qg3 Qxe8 29. cxd4 Rxf1+ 30. Bxf1 exd4 31. Bd3 Be5 32. Qh4 Qg8+ 33. Kh1 Qf7 34. Qe4 Qe7 35. h4 Qc7 36. Bc2 Qe7 37. h5 Bf6 38. Kg2 Qxe4+ 39. Bxe4 Kg7 40. Kf3 Be5 41. h3 h6 42. Kg4 Kf6 43. Bd3 Ke6 44. Be4 b5 45. Bd3 b4 46. a3 bxa3 47. bxa3 Kd5 48. Kf5 Bd6 49. a4 Bb4 50. Kg6 Bd2 51. Kf5 Bb4 52. Bb5 Kc5 53. Ke4 Bc3 54. Bd3 Kb4 55. Bb5 Kb3 56. Kd3 Kb2 57. Bd7 a5 58. Bc6 Ka3 59. Bb5 Kb4 60. Be8 Kc5 61. Ke4 Kd6 62. Bb5 Ke6 63. Bd3 Kf6 64. Kf4 Bd2+ 65. Ke4 Be3 66. Be2 Kg5 67. Bf3 Kh4 68. Bg4 Kg3 69. Kd3 Kf2 70. Be2 Bg5 71. Bg4 Bf6 72. Bf5 Kf3 73. Bg4+ Kg3 74. Ke4 Kh4 75. Kf5 Bg7 76. Ke4 Bf6 77. Kf5 Bg7 78. Ke4 Kg3 79. Bd7 Kf2 80. Bg4 Ke1 81. Kd3 Bf6 82. Bf3 1/2-1/2

[Event "Tatry op"]
[Site "Tatranske Zruby"]
[Date "2011.09.28"]
[Round "5"]
[White "Skreno, Vladimir"]
[Black "Banoci, Jaroslav"]
[Result "1-0"]
[WhiteElo "2178"]
[BlackElo "1971"]
[PlyCount "61"]
[EventDate "2011.09.25"]
[EventType "swiss"]
[EventRounds "9"]
[EventCountry "SVK"]
[SourceTitle "CBM 144 Extra"]
[Source "ChessBase"]
[SourceDate "2011.10.28"]
[SourceVersion "1"]
[SourceVersionDate "2011.10.28"]
[SourceQuality "1"]

1. d4 f5 2. e4 d6 3. Nc3 Nf6 4. Bd3 e6 5. exf5 exf5 6. Bg5 Be7 7. Nge2 0-0 8. Qd2 Ne4 9. Nxe4 fxe4 10. Bc4+ Kh8 11. Bxe7 Qxe7 12. Ng3 c6 13. d5 b5 14. Bb3 c5 15. c3 Nd7 16. Bc2 Nf6 17. 0-0 Bb7 18. Rae1 Bxd5 19. f3 Bxa2 20. Nxe4 Bc4 21. Nxd6 Qc7 22. Nxc4 bxc4 23. Qe2 Rab8 24. Qxc4 Rxb2 25. Rf2 h5 26. Rfe2 Rb7 27. Re5 Rc8 28. Bg6 Rb6 29. Qh4 Rcb8 30. Rxh5+ Nxh5 31. Qxh5+ 1-0

[Event "SVK-chT1E 1011"]
[Site "Slovakia"]
[Date "2011.03.20"]
[Round "9"]
[White "Banoci, Jaroslav"]
[Black "Ilkovic, Frantisek"]
[Result "0-1"]
[WhiteElo "1955"]
[BlackElo "1981"]
[PlyCount "63"]
[EventDate "2010.11.06"]
[EventType "team-tourn"]
[EventRounds "11"]
[EventCountry "SVK"]
[SourceTitle "EXT 2012"]
[Source "ChessBase"]
[SourceDate "2011.11.24"]
[SourceVersion "1"]
[SourceVersionDate "2011.11.24"]
[SourceQuality "1"]
[WhiteTeam "Presov"]
[BlackTeam "Filakovo"]
[WhiteTeamCountry "SVK"]
[BlackTeamCountry "SVK"]

1. d4 d5 2. Nf3 g6 3. Bf4 Bg7 4. e3 Nf6 5. h3 c6 6. Bd3 Nbd7 7. Nbd2 c5 8. c3 c4 9. Bc2 Qa5 10. 0-0 0-0 11. Re1 e6 12. g4 h6 13. Bg3 Re8 14. e4 b5 15. a4 b4 16. exd5 exd5 17. Rxe8+ Nxe8 18. Nxc4 dxc4 19. Be4 bxc3 20. bxc3 Nb6 21. Bxa8 Nxa8 22. Qe2 Be6 23. Qe3 Nb6 24. Rc1 Nd5 25. Qd2 Nef6 26. Be5 Ne4 27. Qb2 Bxe5 28. Nxe5 Qxa4 29. Qb8+ Kg7 30. Rb1 Nexc3 31. Re1 Nf4 32. Kh2 0-1